Suomen U20 MM2016 pelaajat - Statistics

Yleistilastot
  • Tätä visaa on pelattu 400 kertaa
    391 viimeisimmän päivityksen jälkeen
  • Keskiarvotulos 10 / 23
Vastaustilastot
Vastaus % Oikein
Laine
100%
Aho
98%
Puljujärvi
97%
Kapanen
78%
Rantanen
75%
Hintz
57%
Kähkönen
57%
Vehviläinen
55%
Juolevi
50%
Kalapudas
46%
Saarijärvi
38%
Tuulola
35%
Niku
31%
Saarela
29%
Larmi
28%
Nättinen
25%
Mikkola
22%
Björkqvist
20%
Lammikko
19%
Repo
19%
Sopanen
18%
Siikonen
17%
Keskitalo
12%
Ehtoja vastaavia visoja ei löytynyt
Tulosjakauma
Jokaisen tuloksen saaneiden osuus
Persentiili vastausten määrän mukaan
Tuloshistoriasi
Et ole pelannut tätä visaa sen viimeisimmän päivityksen jälkeen